Statistics for Turkey Provinces

Click here to take the quiz!

General Stats

  • This quiz has been taken 23 times
  • The average score is 10 of 15

Answer Stats

HintAnswer% Correct
5,503MAnkara
100%
15,06Mİstanbul
100%
2,222MAdana
88%
2,426MAntalya
75%
2,994MBursa
75%
2,028MGaziantep
75%
1,609MHatay
75%
4,320Mİzmir
63%
2,220MKonya
63%
2,035MŞanlıurfa
63%
1,732MDiyarbakır
50%
1,814MMersin
50%
1,906MKocaeli
38%
1,429MManisa
38%
1,389MKayseri
25%

Score Distribution

Percentile by Number Answered

Percent of People with Each Score

Your Score History

You have not taken this quiz